[Event "2016 Alberta Reserves"]
[Site "Edmonton"]
[Date "2016.03.26"]
[Round "2.2"]
[White "Usselman, Paul"]
[Black "Zeggelaar, Mike"]
[Result "1/2-1/2"]
[WhiteElo "1880"]
[BlackElo "2084"]
[PlyCount "74"]
[EventDate "2016.03.26"]
[EventType "swiss"]
[EventRounds "5"]
[EventCountry "CAN"]
[SourceDate "2016.04.20"]

1. Nf3 Nf6 2. c4 g6 3. Nc3 Bg7 4. e4 d6 5. d4 O-O 6. h3 c5 7. d5 Na6 8. Bd3 Nc7
9. Be3 Rb8 10. Nd2 e6 11. Qc2 exd5 12. exd5 Nd7 13. O-O Ne5 14. Be2 Bf5 15.
Nde4 Re8 16. g4 Bxe4 17. Qxe4 Nc6 18. Qd3 Nd4 19. Rfe1 Qh4 20. Kg2 b5 21. cxb5
Ncxb5 22. Nxb5 Nxb5 23. Bf4 Nd4 24. Bxd6 Rxb2 25. Bg3 Nxe2 26. Rxe2 Rexe2 27.
Bxh4 Rbd2 28. Qb1 Bb2 29. a4 c4 30. Ra2 c3 31. Rxb2 cxb2 32. Kf3 Rc2 33. Qd1 {
This game has featured numerous twists and turns with the computer evaluation
swinging on almost every move. In the diagrammed position Black opted for a
natural} Rc1 {that quickly led to a perpetual check.} ({However, it was
discovered in the post-mortem that Black had a tremendous resource} 33... Re3+
$3 {with an idea to block the e-file.} {After} 34. fxe3 Rc1 35. Qb3 b1=Q 36.
Qxb1 Rxb1 {the game is far from being over but Black's material advantage
gives him good winning chances.}) 34. Qxe2 b1=Q 35. Qe8+ Kg7 36. Qe5+ Kg8 37.
Qe8+ Kg7 1/2-1/2

[Event "2016 Alberta Reserves"]
[Site "Edmonton"]
[Date "2016.03.27"]
[Round "5.3"]
[White "Briones, Dante"]
[Black "Dave, Bhavik"]
[Result "1-0"]
[WhiteElo "1999"]
[BlackElo "1859"]
[PlyCount "73"]
[EventDate "2016.03.26"]
[EventType "swiss"]
[EventRounds "5"]
[EventCountry "CAN"]
[SourceDate "2016.04.20"]

1. e4 e5 2. f4 exf4 3. Nf3 g5 4. d4 Bg7 5. Bc4 Nc6 6. c3 h6 7. O-O Nge7 {
So far both the computer evaluation and the statistics favor Black heavily.} 8.
g3 g4 {A tempting move but White has a strong reply.} ({Instead,} 8... Na5 $5 {
deserves attention.}) 9. Nh4 f3 10. Nxf3 $1 {Such piece sacrifices are a
common theme in the King's gambit.} gxf3 11. Bxf7+ {Another spectacular
sacrifice that guarantees White at least a draw.} ({Nevertheless, more
interesting is} 11. Qxf3 O-O 12. Bxf7+ Kh8 13. Bg5 $1 {The key move that keeps
the position complicated, with all three results being possible.}) 11... Kxf7
12. Qxf3+ Kg8 13. Qf7+ Kh7 14. Rf6 {White is threatening a checkmate in one;
Black has the only but sufficient defence:} Nf5 15. Qg6+ Kg8 16. Qf7+ Kh7 17.
Qg6+ Kg8 18. Rxf5 $6 {Objectively, White should accept a draw by perpetual but
he understandably wants more.} d6 $2 {The decisive mistake although it's hard
to criticize Black for not finding the right move.} (18... Qe7 $1 {covers f7
and gives Black time to organize his defence.} {For example,} 19. Be3 d6 20.
Rf4 Bd7 21. Nd2 Qe8 $1 {with an unavoidable exchange of queens.}) 19. Qf7+ Kh7
20. Rh5 $1 {The threat of Rxh6 is lethal, and Black is forced to part with his
queen.} Qf6 21. Rxh6+ $1 Qxh6 22. Bxh6 Kxh6 {Material is almost even but the
exposed position of the black king gives White a winning advantage.} 23. Qxc7
Bf8 24. Qf7 Be7 25. Nd2 Rf8 26. Qd5 Bh3 {Now White just needs to put his
knight to e3.} 27. Nf1 ({A better way to do it is} 27. Nc4 $5 {attacking the
d6-pawn in the meantime.} {After} Rad8 28. Ne3 {the knight's jump to f5 is
going to be very unpleasant for Black.}) 27... Rf3 28. Nd2 Rf6 {Now White
faces some difficulties but finds a creative way to overcome them.} 29. g4 Bxg4
30. Nf1 Raf8 31. Ng3 Bf3 32. Qb5 Rg8 $2 ({More tenacious is} 32... R6f7 {
defending the b7-pawn indirectly.} {Here} 33. Qxb7 $2 {runs into} Bg5 {winning
the white queen in all the lines. For example,} 34. Qb3 Be3+ 35. Kf1 Bd1+ {etc.
}) 33. Rf1 $1 Rgf8 (33... Bxe4 $2 {loses more material in view of} 34. Rxf6+
Bxf6 35. Qh5+ Kg7 36. Nxe4 {etc.}) 34. Qxb7 {White's material advantage
becomes overwhelming.} Na5 35. Qxe7 Nc4 36. Nf5+ Kg5 37. Rxf3 1-0

[Event "2016 Lethbridge Open"]
[Site "Lethbridge"]
[Date "2016.04.02"]
[Round "1.4"]
[White "Robertson, Trevor"]
[Black "Panteluk, Steven"]
[Result "1-0"]
[WhiteElo "1567"]
[BlackElo "1868"]
[PlyCount "135"]
[EventDate "2016.04.02"]
[EventType "swiss"]
[EventRounds "5"]
[EventCountry "CAN"]
[SourceDate "2016.04.20"]

1. d4 d5 2. Nf3 Nf6 3. c4 e6 4. Nc3 Be7 5. e3 b6 6. cxd5 Nxd5 7. Bc4 O-O 8. Qb3
Bb7 9. Bd2 c6 10. Nxd5 cxd5 11. Bd3 Nd7 12. Bb4 Nf6 13. Bxe7 Qxe7 14. O-O Ne4
15. Rac1 f5 16. Rc2 Rf6 17. Rfc1 Qd8 18. Ne5 f4 19. Bxe4 dxe4 20. Rc7 Rc8 21.
Rxc8 Bxc8 22. Qc2 Bb7 23. Qc7 Qxc7 24. Rxc7 fxe3 25. fxe3 Ba6 26. Nc4 Rf8 27.
b3 Rc8 28. Rxc8+ Bxc8 29. Nd6 Ba6 30. Nxe4 Kf8 31. Ng5 Ke7 32. Nxh7 Bd3 33. Ng5
a5 34. Nf3 b5 35. Ne5 Bb1 36. a3 Kd6 37. b4 a4 38. Kf2 Kd5 39. h4 Ke4 40. g4
Bc2 41. h5 Bd1 {The most interesting endgame of the tournament.} {It looks
like White should win easily but the remainder of the game will feature some
unexpected twists and turns.} 42. Nf7 {This should be sufficient for a full
point.} Kd5 ({After} 42... Bxg4 43. Nd6+ Kd3 44. Nxb5 {the b-pawn becomes
dangerous.}) 43. h6 {This is still OK but now White must play precisely.} ({
A simpler approach is to improve the king} 43. Kg3 {since} Kc4 $2 {is met by}
44. Nd6+ Kb3 45. Nxb5) 43... gxh6 44. Nxh6 Kc4 45. Ke1 Bc2 (45... Bf3 $5 {
is a better practical chance since after} 46. Kd2 Kb3 47. g5 Bh5 {White has to
find} 48. Nf5 $3 {with the idea} exf5 49. d5 Be8 50. d6 Kxa3 51. g6 {etc.}) 46.
Kd2 Kb3 47. d5 {Perhaps, a little early.} ({A better way to win the b5-pawn is
} 47. Nf7 Bh7 48. Nd6 Kxa3 49. Kc3 Ka2 50. Nxb5) 47... exd5 48. Nf5 Be4 49.
Nd4+ Kxa3 50. Kc3 $1 Ka2 51. Nxb5 a3 {The critical moment of the endgame.} 52.
Nxa3 $2 ({The only winning move is} 52. g5 {although it's not so hard to find.}
{Since Black has nothing better than a waiting move like} Bf5 {White gains a
crucial tempo. Now} 53. Nxa3 Kxa3 54. b5 Ka4 55. b6 {wins easily.}) 52... Kxa3
53. b5 Ka4 54. b6 Ka5 $2 {The last mistake in this endgame.} ({Correct is} 
54... Kb5 $1 55. b7 d4+ 56. Kxd4 Bxb7 {In this line the black king is closer
to the passed pawns, which turns out to be sufficient for a draw. For example,}
57. g5 Kc6 58. g6 Kd6 59. g7 Bd5 {and a handshake is in order.}) 55. b7 d4+ 56.
Kxd4 Bxb7 57. g5 {Now the pawns are unstoppable.} Bc6 58. g6 Be8 59. g7 Bf7 60.
Kc5 Ka6 61. Kc6 Be8+ 62. Kd6 Bf7 63. e4 Kb7 64. Kd7 Kb6 65. e5 Kc5 66. e6 Bg8
67. e7 Kd5 68. e8=Q 1-0

[Event "2016 Alberta Seniors"]
[Site "Calgary"]
[Date "2016.04.24"]
[Round "4.1"]
[White "Findlay, Ian"]
[Black "Peter, Steven"]
[Result "1-0"]
[WhiteElo "2293"]
[BlackElo "2229"]
[PlyCount "55"]
[EventDate "2016.04.23"]
[EventType "swiss"]
[EventRounds "5"]
[EventCountry "CAN"]
[SourceDate "2016.04.20"]

1. e4 c5 2. Nf3 e6 3. d4 cxd4 4. Nxd4 Nf6 5. Nc3 d6 6. f4 a6 7. Qf3 Qc7 8. Be3
b5 9. Bd3 Bb7 10. g4 b4 11. Nce2 d5 12. e5 Nfd7 ({More to the point is} 12...
Ne4 $5 {utilizing Black's previous move.}) 13. O-O-O Nc6 14. Nxc6 ({In such
positions} 14. Kb1 {is played almost automatically. White tries a different
move order that works out well for him due to the opponent's inaccurate reply.}
) 14... Qxc6 $6 {This recapture is the root of all subsequent Black's problems.
} ({Correct is} 14... Bxc6 {intending to meet} 15. Nd4 {with} Bb5 $1 {White
should refrain from opening up the a-file and spend a move on prophylaxis:} 16.
Kb1 {Then after} Bc5 {Black achieves a satisfactory position.}) 15. Nd4 Qc7 16.
Kb1 {Now White is up two tempi in comparison with the line above. The
significance of this factor will be demonstrated shortly.} Rc8 17. h4 (17. Rhf1
$5 {preparing a quick f4-f5 looks even stronger.} {After} Bc5 {White can play}
18. Qh3 {preventing the opponent from castling.}) 17... Bc5 18. h5 O-O {
This doesn't look right but it's not easy to find a good move for Black.} 19.
g5 Bxd4 20. Bxd4 Nc5 {Black is hoping to exchange a few pieces but White's
attack is already irresistable. A major reason is the difference between the
light-squared bishops. Because of the loss of time on moves 14-15 Black is
unable to trade the bishops off.} 21. Bxc5 $1 Qxc5 22. f5 Qc7 23. Qf4 exf5 ({
Also hopeless is} 23... g6 24. fxg6 fxg6 25. Qg4) 24. Qxf5 g6 25. Qh3 d4 26.
Rh2 Qe7 27. hxg6 fxg6 28. Bxg6 1-0